Pablo el artista

Gespeichert in:
Bibliographische Detailangaben
1. Verfasser: Kitamura, Atoshi (VerfasserIn)
Format: Buch
Sprache:Spanisch
Veröffentlicht: Ciudad de México Fondo de Cultura Económica 2006
Ausgabe:1a. ed
Schriftenreihe:A la Orilla del Viento
Schlagworte:
Tags: Tag hinzufügen
Keine Tags, Fügen Sie den ersten Tag hinzu!

MARC

LEADER 00000nam a2200000 a 4500
001 UCG6603
003 CL-VaPUC
005 20250408094815.0
008 110509e20060000MX |||||||||||||||||spa|d
999 |c 344781  |d 344779 
020 |a 9789681682712 
040 |c Pontificia Universidad Católica de Valparaíso 
082 0 4 |a 808.0683  |b KIT  |2 21 
100 0 |a Kitamura, Atoshi  |e author  |9 556922 
245 1 0 |a Pablo el artista 
250 |a 1a. ed 
260 |a Ciudad de México  |b Fondo de Cultura Económica  |c 2006 
300 |a 28 p 
490 0 |a A la Orilla del Viento 
583 |a last modification  |c 20110509 00:00:00  |k Rodrigo Vera 
650 0 |a Literatura infantil   |9 307465  |x Cuentos 
942 |c BK  |2 ddc 
945 |d 20110509 00:00:00  |a jcampos 
952 |0 0  |1 0  |4 0  |6 808_068300000000000_KIT_2006  |7 0  |8 A  |9 442974  |a BIBEDU  |b BIBEDU  |d 2019-11-22  |i 4773594  |l 4  |o 808.0683 KIT 2006  |p 4773594  |r 2025-04-21  |s 2025-04-14  |w 2019-11-22  |y BK  |k PAR